History of precolonial india: (Record no. 159671)
[ view plain ]
| 000 -LEADER | |
|---|---|
| fixed length control field | 00788nam a22002177a 4500 |
| 005 - DATE AND TIME OF LATEST TRANSACTION | |
| control field | 20181229110145.0 |
| 010 ## - LCCN (DPL NO) | |
| LC control number | ENG-124610 |
| 020 ## - INTERNATIONAL STANDARD BOOK NUMBER | |
| International Standard Book Number | 9780199491353 |
| Terms of availability | 1195.00 |
| 035 ## - SYSTEM CONTROL NUMBER | |
| System control number | EN-108142 |
| 037 ## - SOURCE OF ACQUISITION | |
| Source of stock number/acquisition | DBAD/PUB |
| 082 ## - DEWEY DECIMAL CLASSIFICATION NUMBER | |
| Classification number | 954.01 |
| 100 ## - MAIN ENTRY--PERSONAL NAME | |
| Personal name | Kulke, Hermann |
| 245 ## - TITLE STATEMENT | |
| Title | History of precolonial india: |
| Statement of responsibility, etc | by Hermann Kulke; ed. by Bhairabi Prasad Sahu; tr.by Parnal Chirmuley |
| Remainder of title | issues and debates/ |
| 260 ## - PUBLICATION, DISTRIBUTION, ETC. (IMPRINT) | |
| Place of publication, distribution, etc | New Delhi |
| Name of publisher, distributor, etc | Oxford University Press |
| Date of publication, distribution, etc | 2018 |
| 270 ## - ADDRESS | |
| City | New Delhi |
| Postal code | 110002 |
| Address | 2/11 Ground Floor, Ansari Road, Daryaganj, |
| 300 ## - PHYSICAL DESCRIPTION | |
| Extent | xvii,383p. |
| Dimensions | 22cm.(Hb) |
| Other physical details | ill. map |
| 500 ## - GENERAL NOTE | |
| General note | It includes index and about the author, editor and translated |
| 700 ## - ADDED ENTRY--PERSONAL NAME | |
| Personal name | Sahu, Bhairabi Prasad |
| 700 ## - ADDED ENTRY--PERSONAL NAME | |
| Personal name | Chirmuley, Parnal |
| 942 ## - ADDED ENTRY ELEMENTS (KOHA) | |
| Source of classification or shelving scheme | Dewey Decimal Classification |
| Item type | English Books |
| Classification part | 954.01 |
| Call number suffix | SAH |
| Withdrawn status | Lost status | Not for loan | Collection code | Home library | Current library | Date acquired | Source of acquisition | Cost, normal purchase price | Full call number | Barcode | Copy number | Cost, replacement price | Koha item type |
|---|---|---|---|---|---|---|---|---|---|---|---|---|---|
| Not For Loan | Non-fiction | D.B.Act.Division | Bawana | 29/12/2018 | DBAD/PUB | 1195.00 | 954.01 SAH | EN-108142 | 1 | 1195.00 | English Books |
